000 00549nam a2200181Ia 4500
008 090123s9999 xx 000 0 und d
082 _b36804
100 _aमहाबळ भा.ल.
245 _aलक्ष्मीचा हात
250 _a1
260 _bउत्कर्ष प्रकाशन
_c2004
300 _a188
600 _aमहाबळ भा.ल.
630 _aलक्ष्मीचा हात
700 _aमहाबळ भा.ल.
730 _aलक्ष्मीचा हात
942 _cBOOK
999 _c74871
_d74871